000
00255nam a2200097Ia 4500
001
1250280
005
20251031150853.0
008
251031s9999 xx 000 0 und d
245
0
_c
BAHADIR YENİŞEHİROĞLU
_a
A-5 AŞK ÇÖLÜ
260
_b
TİMAŞ YAYINLARI
999
_c
1250280
_d
1250280